000
00261nmm a2200085Ia 4500
008
220120s9999||||xx |||||||||||||||||und||
100
_a
Open source for you
245
0
_a
Debian 8 genome, ubuntu 15.04, ubuntu server, kubuntu 15.04,
260
_a
Cyber media Pvt. Ltd.
999
_c
139972
_d
139972